书目信息 |
| 题名: |
高级制图员(机械类)培训教程
|
|
| 作者: | 陈艳芬 , 温沪斌 主编 | |
| 分册: | ||
| 出版信息: | 上海 上海交通大学出版社 2017 |
|
| 页数: | 103页 | |
| 开本: | 26cm | |
| 丛书名: | ||
| 单 册: | ||
| 中图分类: | TB23 | |
| 科图分类: | ||
| 主题词: | 工程制图--技术培训--教材 | |
| 电子资源: | ||
| ISBN: | 978-7-313-16952-5 | |
| 000 | 00956nam0 2200253 450 | |
| 001 | 2364715244 | |
| 005 | 20231129175851.45 | |
| 010 | @a978-7-313-16952-5@dCNY38.00 | |
| 100 | @a20180412d2017 em y0chiy50 ea | |
| 101 | 0 | @achi |
| 102 | @aCN@b310000 | |
| 105 | @aa az 000yy | |
| 200 | 1 | @a高级制图员(机械类)培训教程@Agao ji zhi tu yuan(ji xie lei)pei xun jiao cheng@f陈艳芬,温沪斌主编 |
| 210 | @a上海@c上海交通大学出版社@d2017 | |
| 215 | @a103页@c图@d26cm | |
| 300 | @a国家高技能人才培训基地建设项目成果系列教材 | |
| 320 | @a有书目(第103页) | |
| 330 | @a本书简要概括了计算机绘图的一些基本知识和基本操作外,还对计算机辅助设计高级制图员(机械类)的考试题型、内容和要求进行了深刻的分析,对每种考试题型的电脑操作方法、技能和技巧进行了较详尽的介绍。 | |
| 606 | 0 | @a工程制图@x技术培训@j教材 |
| 690 | @aTB23@v5 | |
| 701 | 0 | @a陈艳芬@Achen yan fen@4主编 |
| 701 | 0 | @a温沪斌@Awen hu bin@4主编 |
| 801 | 0 | @aCN@b山东中教@c20231126 |
| 905 | @aBZT@dTB23@e11 | |
| 高级制图员(机械类)培训教程/陈艳芬,温沪斌主编.-上海:上海交通大学出版社,2017 |
| 103页:图;26cm |
| 国家高技能人才培训基地建设项目成果系列教材 |
| ISBN 978-7-313-16952-5:CNY38.00 |
| 本书简要概括了计算机绘图的一些基本知识和基本操作外,还对计算机辅助设计高级制图员(机械类)的考试题型、内容和要求进行了深刻的分析,对每种考试题型的电脑操作方法、技能和技巧进行了较详尽的介绍。 |
| ● |
| 相关链接 |
|
|
|
正题名:高级制图员(机械类)培训教程
索取号:TB23/11
 
预约/预借
| 序号 | 登录号 | 条形码 | 馆藏地/架位号 | 状态 | 备注 |
| 1 | 2001155243 | 2001155243 | 中教(第二批第二书库)/山东中教(第二批)/1307/ [索取号:TB23/11] | 在馆 | |
| 2 | 2001155244 | 2001155244 | 中教(第二批第二书库)/山东中教(第二批)/1307/ [索取号:TB23/11] | 在馆 | |
| 3 | 2001155245 | 2001155245 | 中教(第二批第二书库)/山东中教(第二批)/1307/ [索取号:TB23/11] | 在馆 | |
| 4 | 2001155246 | 2001155246 | 中教(第二批第二书库)/山东中教(第二批)/1307/ [索取号:TB23/11] | 在馆 | |
| 5 | 2001155247 | 2001155247 | 中教(第二批第二书库)/山东中教(第二批)/1307/ [索取号:TB23/11] | 在馆 | |
| 6 | 2001155248 | 2001155248 | 中教(第二批第二书库)/山东中教(第二批)/1307/ [索取号:TB23/11] | 在馆 | |
| 7 | 2001155249 | 2001155249 | 中教(第二批第二书库)/山东中教(第二批)/1307/ [索取号:TB23/11] | 在馆 | |
| 8 | 2001155250 | 2001155250 | 中教(第二批第二书库)/山东中教(第二批)/1307/ [索取号:TB23/11] | 在馆 | |
| 9 | 2001155251 | 2001155251 | 中教(第二批第二书库)/山东中教(第二批)/1307/ [索取号:TB23/11] | 在馆 | |
| 10 | 2001155252 | 2001155252 | 中教(第二批第二书库)/山东中教(第二批)/1307/ [索取号:TB23/11] | 在馆 | |
| 11 | 2001155253 | 2001155253 | 中教(第二批第二书库)/山东中教(第二批)/1307/ [索取号:TB23/11] | 在馆 | |
| 12 | 2001155254 | 2001155254 | 中教(第二批第二书库)/山东中教(第二批)/1307/ [索取号:TB23/11] | 在馆 | |
| 13 | 2001155255 | 2001155255 | 中教(第二批第二书库)/山东中教(第二批)/1307/ [索取号:TB23/11] | 在馆 | |
| 14 | 2001155256 | 2001155256 | 中教(第二批第二书库)/山东中教(第二批)/1307/ [索取号:TB23/11] | 在馆 | |
| 15 | 2001155257 | 2001155257 | 中教(第二批第二书库)/山东中教(第二批)/1307/ [索取号:TB23/11] | 在馆 | |
| 16 | 2001155258 | 2001155258 | 中教(第二批第二书库)/山东中教(第二批)/1307/ [索取号:TB23/11] | 在馆 | |
| 17 | 2001155259 | 2001155259 | 中教(第二批第二书库)/山东中教(第二批)/1307/ [索取号:TB23/11] | 在馆 | |
| 18 | 2001155260 | 2001155260 | 中教(第二批第二书库)/山东中教(第二批)/1307/ [索取号:TB23/11] | 在馆 | |
| 19 | 2001155261 | 2001155261 | 中教(第二批第二书库)/山东中教(第二批)/1307/ [索取号:TB23/11] | 在馆 | |
| 20 | 2001155262 | 2001155262 | 中教(第二批第二书库)/山东中教(第二批)/1307/ [索取号:TB23/11] | 在馆 | |
| 21 | 2001155263 | 2001155263 | 中教(第二批第二书库)/山东中教(第二批)/1307/ [索取号:TB23/11] | 在馆 | |
| 22 | 2001155264 | 2001155264 | 中教(第二批第二书库)/山东中教(第二批)/1307/ [索取号:TB23/11] | 在馆 | |
| 23 | 2001155265 | 2001155265 | 中教(第二批第二书库)/山东中教(第二批)/1307/ [索取号:TB23/11] | 在馆 | |
| 24 | 2001155266 | 2001155266 | 中教(第二批第二书库)/山东中教(第二批)/1307/ [索取号:TB23/11] | 在馆 | |
| 25 | 2001155267 | 2001155267 | 中教(第二批第二书库)/山东中教(第二批)/1307/ [索取号:TB23/11] | 在馆 | |
| 26 | 2001155268 | 2001155268 | 中教(第二批第二书库)/山东中教(第二批)/1307/ [索取号:TB23/11] | 在馆 | |
| 27 | 2001155269 | 2001155269 | 中教(第二批第二书库)/山东中教(第二批)/1307/ [索取号:TB23/11] | 在馆 | |
| 28 | 2001155270 | 2001155270 | 中教(第二批第二书库)/山东中教(第二批)/1307/ [索取号:TB23/11] | 在馆 | |
| 29 | 2001155271 | 2001155271 | 中教(第二批第二书库)/山东中教(第二批)/1307/ [索取号:TB23/11] | 在馆 | |
| 30 | 2001155272 | 2001155272 | 中教(第二批第二书库)/山东中教(第二批)/1307/ [索取号:TB23/11] | 在馆 |